| 000 | 01308nam a2200373 c 4500 | ||
|---|---|---|---|
| 001 | 58440 | ||
| 003 | CO-BoRNBP | ||
| 005 | 20250822192903.0 | ||
| 007 | ta | ||
| 008 | 890516s1990 ck a r 00110bspa d | ||
| 020 | _a9589138535 | ||
| 040 |
_aCO-BoRNBP _bspa _erda _cCO-BoRNBP |
||
| 041 | 0 | _aspa | |
| 043 | _as-ck--- | ||
| 082 | 0 | 4 |
_a920 _bC11me |
| 100 |
_aCaballero Calderón, Eduardo _eaut |
||
| 245 | 1 | 0 |
_aMemorias infantiles / _cEduardo Caballero Calderón ; próloego de Gonzalo Mallarino Botero ; edición realizada con la coordinación y bajo la supervisión de la Academia de Historia de Bogotá. |
| 250 | _a1a. edición | ||
| 264 | 1 |
_aBogotá, Colombia : _bVillegas Editores, _c1990 |
|
| 300 |
_a301 páginas : _bilustraciones |
||
| 336 |
_atexto _btxt _2rdacontent |
||
| 337 |
_asin mediación _bn _2rdamedia |
||
| 338 |
_avolumen _bnc _2rdacarrier |
||
| 490 | 0 | _aBiblioteca de Bogotá | |
| 500 | _aDonación Villegas Editores | ||
| 504 | _aIncluye bibliografía | ||
| 650 | 0 | 7 |
_aAutobiografías _2lemb _915520 |
| 650 | 0 | 7 |
_aLiteratos colombianos _vBiografías _2lemb _963223 |
| 650 | 0 | 4 |
_aLiteratura colombiana _2LEMB _91068 |
| 655 |
_aBiografías _962863 |
||
| 700 |
_aMallarino Botero, Gonzalo, _d1927- _963224 |
||
| 710 | 2 |
_aAcademia de Historia de Bogotá _963225 |
|
| 942 |
_2ddc _cBK |
||
| 999 |
_c58440 _d58440 |
||